000 01038nam a22002417a 4500
003 OSt
005 20150408114215.0
008 140503s2013 mr g b 000 0 ara d
020 _a9789981258563
040 _aMa-Un
082 0 4 _221
_a323
_bد ج ا
100 1 _aدريدا، جاك
_944333
245 _aاستراتيجية تفكيك الميتافيزيقا :
_bحول الجامعة والسلطة والعنف والعقل والجنون والاختلاف والترجمة واللغة /
_cجاك دريدا ؛ ترجمة وتقديم عز الدين الخطابي الريفي.
260 _aالدار البيضاء، المغرب :
_bأفريقيا الشرق،
_c2013
_m[1434].
300 _a319 ص. ؛
_c23 سم.
504 _aيشتمل على إرجاعات ببليوجرافية.
650 _aحقوق الإنسان
650 _aالعولمة
650 _aالديمقراطية
650 _aالسلطة
_xفلسفة
_934321
700 1 _aالخطابي، عز الدين
_eمترجم.
942 _2ddc
_cBOOK
999 _c34692
_d269192